LEADER 02056oam 2200517 450 001 9910703948103321 005 20140123152018.0 035 $a(CKB)5470000002446866 035 $a(OCoLC)862961777 035 $a(OCoLC)995470000002446866 035 $a(EXLCZ)995470000002446866 100 $a20131114d2013 ua 0 101 0 $aeng 135 $aurbn||||||||| 181 $ctxt$2rdacontent 182 $cc$2rdamedia 183 $acr$2rdacarrier 200 10$aBuilding better armies $ean insider's account of Liberia /$fSean McFate 210 1$aCarlisle, PA :$cStrategic Studies Institute and U.S. Army War College Press,$d[2013] 215 $a1 online resource (xvi, 130 pages) $cillustrations 300 $a"November 2013." 320 $aIncludes bibliographical references (pages 108-125). 327 $aIntroduction -- Establishing a state's monopoly of force. DDR : disbanding the competition -- SSR : acquiring the monopoly of force -- DDR and SSR linkages -- The case of Liberia. Historical roots of the conflict -- Outsourcing DDR and SSR -- Blueprint for the new army -- Razing an army : que sera sera -- Raising an army in five steps -- Other challenges -- Conclusion. 517 $aBuilding better armies 606 $aDisarmament$xMethodology 606 $aArmed Forces$xDemobilization$xMethodology 606 $aVeteran reintegration$xMethodology 606 $aSecurity sector$zLiberia 606 $aNation-building$zLiberia 607 $aLiberia 615 0$aDisarmament$xMethodology. 615 0$aArmed Forces$xDemobilization$xMethodology. 615 0$aVeteran reintegration$xMethodology. 615 0$aSecurity sector 615 0$aNation-building 700 $aMcFate$b Sean$01410600 712 02$aArmy War College (U.S.).$bStrategic Studies Institute, 712 02$aArmy War College (U.S.).$bPress, 801 0$bAWC 801 1$bAWC 801 2$bOCLCO 801 2$bGPO 906 $aBOOK 912 $a9910703948103321 996 $aBuilding better armies$93499652 997 $aUNINA